000 00741nam a2200229Ia 4500
003 GCL
008 140319s9999 xx 000 0 ara d
040 _aGCL /
_cGCL
082 0 4 _a301.2
_bق ع
100 1 _aقبارى محمد اسماعيل
245 1 0 _aعلم الاجتماع الثقافى /
_cقبارى محمد اسماعيل
260 _a[S.N] :
_bمنشاة المعارف الاسلامية ،
_c1983
300 _a568 ص
490 _aكتب علم الاجتماع
_v0
650 0 4 _aالاطفال
650 0 4 _aعلم النفس
650 0 4 _aالثقافة
650 0 4 _aالاجتماع
650 0 4 _aالاجتماع الثقافى
650 0 4 _aالانثربولوجيا الثقافية
942 _2ddc
_cBK
999 _c56189
_d56189